00814 2200169 4500245005100000020002300051250001100074100001500085650002100100005001900121260003200140041001400172084001000186300002500196500041400221336000900635 aKonstruksi Rumah Tahan GempacTim NibiruhText a978-602-8136-366-6 aCet. 1 aTim Nibiru aKonstruksi Rumah a20231003135700 aBandungbMitra Saranac2012 aIndonesia a690.2 avi, 58 hlm. :cilus. aPara ahli-gempa bumi sebagai khalifah di bidangnya, walaupun sangat memiliki kompetemsi, tetapi mereka hanya mampu meprediksi dan membuat interpretasi atas potensi terjadinya gempa bumi. Berbasis pada prediksi dan interpretasi tersebut, maka para ahli dibidang lainnya, bisa melakukan langkah-langkah lain terkait dengan mitigasi, perencanaan tata kota, ketentuan mendirikan bangunan dan persyaratan keamanan. atext